000 00810nam a2200253Ia 4500
005 20220316235224.0
008 121119s2002 sp a gr 000 j spa
020 _a8420448044
041 0 _aspa
100 1 _aNostlinger, Christine,
_d1936-
245 1 0 _aRosalinde tiene ideas en la cabeza
_cChristine Nostlinger
250 _aVigésima primera edición
264 1 _aMadrid
_bSantillana
_c2002
300 _a76 páginas
_bilustraciones
_c19 cm.
336 _atexto
_btxt
_2rdacontent
337 _asin mediación
_bn
_2rdamedia
338 _avolumen
_bnc
_2rdacarrier
586 _aPremio Hans Christian Anders, 1984
650 1 4 _2LEMB
_aLiteratura austríaca
_ySiglo XX
650 1 4 _2LEMB
_aCuentos infantiles austríacos
942 _2loc
_cBKLIT
040 _aCO-BoRNBP
_bspa
_erda
_cCO-BoRNBP
084 _aN NOS1
999 _c275
_d275